Samouci 21. století

V minulom storočí sa ľudia, ktorí sa sami vzdelávali nazývali samoukmi, dnes sú to stúpenci heutagogiky. Samoukom musela stačiť knižka, dnes možno využívať informačné a komunikačné technológie. Nevedomé učenie. Samovzdelávanie a firemné vzdelávanie. Päť úrovní vzdelávania.

Salvato in:
Dettagli Bibliografici
Autore principale: Myslivečková, Olga
Natura: Capitolo di libro
Lingua:ceco
Soggetti:
Tags: Aggiungi Tag
Nessun Tag, puoi essere il primo ad aggiungerne!!

MARC

LEADER 00000naa a2200000 4500
001 0186731
005 20231113134803.5
041 0 |a cze 
044 |a CZ 
245 1 0 |a Samouci 21. století  |c Olga Myslivečková 
520 |a V minulom storočí sa ľudia, ktorí sa sami vzdelávali nazývali samoukmi, dnes sú to stúpenci heutagogiky. Samoukom musela stačiť knižka, dnes možno využívať informačné a komunikačné technológie. Nevedomé učenie. Samovzdelávanie a firemné vzdelávanie. Päť úrovní vzdelávania. 
610 2 0 |a vzdelávanie dospelých 
610 2 0 |a vzdelávanie permanentné 
610 2 0 |a sebavýchova 
100 1 |a Myslivečková, Olga